MARC

LEADER 00000nam0a2200000 4500
001 302472
005 20231102001515.0
035 |a (RuTPU)RU\TPU\book\327679 
090 |a 302472 
100 |a 20150824d1989 km y0rusy50 ca 
101 0 |a rus  |a eng 
102 |a RU 
105 |a a eg 000zy 
200 1 |a Электротехника  |e справочное пособие  |f под ред. Л. В. Скобелинга 
210 |a Москва  |c Издательство стандартов  |d 1989 
215 |a 344 с.  |c ил. 
225 1 |a Терминология  |v Вып. 3 
606 1 |a Электротехника общая  |2 stltpush  |3 (RuTPU)RU\TPU\subj\20906  |9 45967 
610 1 |a электротехника теоретическая 
610 1 |a электротехнические устройства 
610 1 |a термины 
610 1 |a определения 
610 1 |a понятия 
610 1 |a русский язык 
610 1 |a английский язык 
610 1 |a справочники 
675 |a 621.3(035)  |v 3 
702 1 |a Скобелинг  |b Л. В.  |4 340 
801 1 |a RU  |b 63413507  |c 20150824 
801 2 |a RU  |b 63413507  |c 20200622  |g RCR 
942 |c BK